000 01139cam a2200325 a 4500
001 58415
003 CO-BoRNBP
005 20250822145240.0
007 ta
008 160531s2016 ck a gr 000 jdspa
020 _a9789585937895
040 _aCO-BoBN
_bspa
_cCO-BoBN
082 0 4 _aCo863.5
_223
084 _aC VER
100 1 _aBernal Pinilla, Luis Darío,
_d1950-
_945198
245 1 0 _aTodo bien, todo bien /
_cLuis Darío Bernal Pinilla ; [ilustraciones, Carlos Manuel Díaz Consuegra]
250 _a1a. ed.
300 _a180 p. :
_bil. byn ;
_c20 cm
336 _2rdacontent
_atexto
_btxt
337 _2rdamedia
_asin mediación
_bn
338 _2rdacarrier
_avolumen
_bnc
490 0 _aNarrativa
500 _aContiene datos biográficos del autor e ilustrador
500 _a"Carlos "El Pibe" Valderrama, mejor futbolista de América"--Cubierta
521 1 _aPara niños de 12 años en adelante
650 1 4 _aCuentos juveniles colombianos
_ySiglo XXI
_2LEMB
700 1 _aDíaz Consuegra, Carlos Manuel,
_d1973-
_d1973-
_eilustrador
_963136
942 _2ddc
_cBK
990 _a2016-4294
_bDistribuidora y Editora Richmond S.A.
999 _c58415
_d58415